| 000 | 00632nam a2200241Ia 4500 | ||
|---|---|---|---|
| 008 | 160803s9999 xx 000 0 und d | ||
| 020 | _a9780439451659 | ||
| 100 | _aBerger, Samantha | ||
| 245 | _aIt's spring! / | ||
| 245 | _cby Samantha Berger and Pamela Chanko ; illustrated by Melissa Sweet. | ||
| 260 | _aNew York : | ||
| 260 | _bScholastic Inc. | ||
| 260 | _c2000 | ||
| 300 | _a[29] unnumbered pages : | ||
| 300 | _bcolor illustrations ; | ||
| 300 | _c23 cm. | ||
| 650 | _aAnimals -- | ||
| 650 | _aSpring -- | ||
| 650 | _aStories in rhyme. | ||
| 650 | _xFiction. | ||
| 650 | _xFiction. | ||
| 700 | _a310 | ||
| 999 |
_c299458 _d299458 |
||